logo

Bir Sreshtho Munshi Abdur Rouf Library
Jhenaidah Cadet College

Bangladesh Economic Review 2009 / (Record no. 7717)

MARC details
000 -LEADER
fixed length control field 00585nam a2200217 a 4500
001 - CONTROL NUMBER
JCCL Control Number 7717
003 - CONTROL NUMBER IDENTIFIER
JCCL marc code BD-JhCC
005 - DATE AND TIME OF LATEST TRANSACTION
control field 20180213120839.0
008 - FIXED-LENGTH DATA ELEMENTS--GENERAL INFORMATION
fixed length control field 171212s2008 bg ||||| ||a| 00| 0 eng d
035 ## - SYSTEM CONTROL NUMBER
system control number (BD-JhCC) 7717
040 ## - CATALOGING SOURCE
Original cataloging agency BD-JhCC
Modifying agency BD-JhCC
041 ## - LANGUAGE CODE
Language code of Book eng
082 ## - DEWEY DECIMAL CLASSIFICATION NUMBER
Classification number 330.9541
Author mark and Year BAN 2010
245 ## - TITLE STATEMENT
Title Bangladesh Economic Review 2009 /
Statement of responsibility, etc Ministry of finance,
260 ## - PUBLICATION, DISTRIBUTION, ETC. (IMPRINT)
Place of publication, distribution, etc Dhaka :
Name of publisher, distributor, etc Finance Ministry,
Date of publication, distribution, etc 2010.
300 ## - PHYSICAL DESCRIPTION
Pagination 328 p. :
Other physical details ills;
Dimensions 25 cm.
650 ## - SUBJECT ADDED ENTRY--TOPICAL TERM
Topical term or geographic name as entry element Economic Condition
Geographic subdivision Bangladesh
710 ## - ADDED ENTRY--CORPORATE NAME
Corporate name or jurisdiction name as entry element Ministry of finance
942 ## - ADDED ENTRY ELEMENTS (KOHA)
Source of classification or shelving scheme Dewey Decimal Classification
Koha item type Books
Holdings
Source of classification or shelving scheme Damaged status Not for loan Home library Current library Shelving location Date of accession Total Checkouts Full call number Barcode Date last seen Copy number Koha item type
Dewey Decimal Classification     JCC Rouf Library JCC Rouf Library General Stacks 02/13/2018   330.9541 BAN 2010 9427 02/13/2018 C-1 Books

JCC Library | Contacts | JCC Home

Last Update on 23 September 2017
Copyright @ 2017-2020 JCC Rouf Library
Rouf Library, Jhenidah Cadet College (JCC), Bangladesh